000
00314nam a2200121Ia 4500
008
241028s9999 xx 000 0 und d
041
_a
eng
082
_a
650 MOR
100
_a
Scarlett Morgan
245
_a
Mathematical Finance: Theories And Tools
260
_b
Willford Press
_a
USA
_c
2023
300
_a
237;. P. 28 cm
999
_c
42795
_d
42795